| 000 | 00699nam a2200217Ia 4500 | ||
|---|---|---|---|
| 001 | 9078 | ||
| 003 | GE_BSU | ||
| 008 | 181216s||||||||xx |||||||||||||| ||und|| | ||
| 040 | _cGE_BSU | ||
| 080 | _a821-353.1-32 | ||
| 100 | _aლომთათიძე,ჭოლა | ||
| 245 | _aრჩეული თხზულებანი: ორ ტომად.1910-1914 ტ.2 | ||
| 245 | _bტ.2.1910-1914 | ||
| 245 | _cშემდგ.: გ.ციციშვილი | ||
| 260 | _aთბილისი. | ||
| 260 | _bსაბჭ.საქართველო | ||
| 260 | _c1972. | ||
| 300 | _a334გვ;21სმ. | ||
| 653 | _aრჩეული თხზულებანი | ||
| 942 | _cBK | ||
| 999 |
_c42382 _d42382 |
||